00553cam a22002171 4500001001300000003000400013005001700017008004100034010001700075035002000092040001800112042001200130050001900142100004000161245003500201260001100236300001900247500001500266600003700281999001700318sa 67007480 DLC20260227112416.0890403s1966 xx 000 0 hino  asa 67007480  a(OCoLC)23564145 aDLCcMiUdDLC apremarc00aDS481.S48bS551 aSingh, Jitendra Prasad,d1937-eed.00aLālabahādura śāstrī. c[1966] a127 p.c19 cm. aRomanized.10aShastri, Lal Bahadur,d1904-1966 c76626d76626